LEADER 00971nam0-22003251i-450- 001 990007913870403321 005 20050714095250.0 010 $a3-16-145349-2 035 $a000791387 035 $aFED01000791387 035 $a(Aleph)000791387FED01 035 $a000791387 100 $a20040908d1988----km-y0itay50------ba 101 0 $aeng 102 $aDE 105 $ay-------001yy 200 1 $a<>death of Jesus$etradition and interpretation in the passion narrative$fby Joel B. Green 210 $aTübingen$cJ.C.B. Mohr$d1988 215 $aXVI, 351 p.$d24 cm 225 1 $aWissenschaftliche Untersuchungen zum Neuen Testament$h2. Reihe$v33 610 0 $aGESU CRISTO$aPassione 676 $a232.96$v21$zita 700 1$aGreen,$bJoel B.$0284339 801 0$aIT$bUNINA$gRICA$2UNIMARC 901 $aBK 912 $a990007913870403321 952 $a232.96 GRE 1$bBibl. 40945$fFLFBC 959 $aFLFBC 996 $aDeath of Jesus$9669725 997 $aUNINA LEADER 00952nam0-2200301 --450 001 9910168856803321 005 20190604083836.0 010 $a9783787312559 100 $a20170503d2008----kmuy0itay5050 ba 101 0 $ager 102 $aDE 105 $ay 001yy 200 1 $aZu Philosophie und Politik mit Beilagen$fErnst Cassirer$ghrsg. von John Michael Krois und Christian Möckel 210 $aHamburg$cF. Meiner$dc2008 215 $aVI, 447 p.$d24 cm 225 1 $aNachgelassene Manuskripte und Texte$v9 610 0 $aFilosofia politica 610 0 $aCassirer, Ernst$aOpere postume$aPolitica e filosofia 676 $a193$v20$zita 676 $a172$v20$zita 700 1$aCassirer,$bErnst$f<1874-1945>$045625 801 0$aIT$bUNINA$gRICA$2UNIMARC 901 0$aBK 912 $a9910168856803321 952 0$aP.1 9D CASS 22 (9)$bDIP.FIL. 6019$fFLFBC 959 0$aFLFBC 996 $aZu Philosophie und Politik$91366467 997 $aUNINA LEADER 01125nam 2200301 450 001 996707177703316 005 20260314165552.0 100 $a20260204d2005----km y0itay5003 ba 101 0 $aita 102 $aIT 105 $ay 00 y 200 1 $aPrincipi giurisprudenziali e principi costituzionali euro-nazionali in materia di ragionevole durata del processo e del procedimento$fAngela Di Stasi 210 $a[S.l.$cs.n.$d2005?] 215 $a[215]-246 p.$d25 cm 300 $aTitolo dell'intitolazione 300 $aNome dell'autore alla fine del testo 300 $aEstratto da: Diritto comunitario e degli scambi internazionali, fasc. 2 (2005) 300 $aFuori commercio 606 0 $aProcesso$xDiritto comunitario$2BNCF 676 $a341.2422 700 1$aDI STASI,$bAngela$0267854 801 0$aIT$bcba$gREICAT 912 $a996707177703316 951 $aXVI.7.Misc. 2014$b2046 FBUO$cXVI.7.Misc. 959 $aBK 969 $aFBUO 996 $aPrincipi giurisprudenziali e principi costituzionali euro-nazionali in materia di ragionevole durata del processo e del procedimento$94534970 997 $aUNISA